000 00992nam a2200301 i 4500
003 DO-SdBNP
005 20250514094904.0
007 ta
008 250514b1997 dr ||||| |||| 00| 0 spa d
040 _aDO-SdBNP
_bspa
_cBNPHU
_erda
041 _aspa
082 4 _axxx
_bxxx
_222
100 _aValentí Batlle, María Teresa,
_d1882-1956
_eautor
_4aut.
_965649
245 1 0 _aDescubrir y discernir/
_cMaría Teresa Valentí Batlle ; ilustración, Fernando Valera
250 _aPrimera edición
264 1 _aSanto Domingo :
_bEdito Búho,
_c1997.
300 _a161 páginas ;
_c22 cm.
336 _atexto
_btxt
_2rdacontent
337 _asin mediación
_bn
_2RDAmedia
338 _avolumen
_bnc
_2rdacarrier
500 _aIncluye datos biográficos del autor en las solapas.
590 _aInventariado, 2025/BT
650 4 _aNovela dominicana
_9223
650 4 _aLiteratura dominicana.
_967
700 1 _aVarela, Fernando,
_eilustrador
_4il.
_987765
910 _aBtavárez
942 _2ddc
_cLBS1
999 _c59028
_d59028